| 000 | 00506nam a2200205Ia 4500 | ||
|---|---|---|---|
| 005 | 20250508151827.0 | ||
| 008 | 008 250505s9999 xx 000 0 eng d | ||
| 037 | _aBooks to be hide in OPAC | ||
| 040 |
_aFEDL _beng _cFEDL |
||
| 041 |
_aeng _2eng |
||
| 084 | _qFEDL | ||
| 100 | _aMathur | ||
| 245 | 0 | _aShiksha pranali | |
| 260 |
_aPunjab, India _bPunjab Kitab Ghar _c1952 |
||
| 300 | _a94p. | ||
| 546 | _aWeeded out | ||
| 700 |
_a Matheir _9760100 |
||
| 942 | _cHB | ||
| 999 |
_c1332352 _d1332352 |
||